Ratites - Statistics

General Stats
  • This quiz has been taken 3 times
  • The average score is 1 of 13
Answer Stats
Picture Answer % Correct
Emu
67%
Greater Rhea
33%
Common Ostrich
0%
Darwin's Rhea
0%
Dwarf Cassowary
0%
Great Spotted Kiwi
0%
Little Spotted Kiwi
0%
Northern Cassowary
0%
North Island Brown Kiwi
0%
Okarito Kiwi
0%
Somali Ostrich
0%
Southern Brown Kiwi
0%
Southern Cassowary
0%
No matching quizzes found
Score Distribution
Percent of People with Each Score
Percentile by Number Answered
Your Score History
You have not taken this quiz